Score 0/16 Timer 03:00
0 Plays Today
Question Answer Wrong Answers
Koala Australia
93%
New Zealand
2.9%
Wombat Australia
91.5%
New Zealand
4.5%
Platypus Australia
87%
New Zealand
8.8%
Emu Australia
84%
New Zealand
11.9%
Tui New Zealand
83.9%
Australia
12%
Kiwi New Zealand
83.8%
Australia
12.2%
Takahe New Zealand
83.5%
Australia
12.3%
Kea New Zealand
80.4%
Australia
15.4%
Echidna Australia
78.6%
New Zealand
17.2%
Bilby Australia
78.5%
New Zealand
17.4%
Tuatara New Zealand
78.3%
Australia
17.6%
Giant Weta New Zealand
72.2%
Australia
23.9%
Kakapo New Zealand
71.8%
Australia
24.2%
Goanna Australia
66%
New Zealand
29.9%
Hector's Dolphin New Zealand
63%
Australia
33%
Quokka Australia
62.9%
New Zealand
32.9%

Today's Daily Dose

Remove Ads.
Support Sporcle.
Get the best of Sporcle when you Go Orange. This ad-free experience offers more features, more stats, and more fun while also helping to support Sporcle. Thank you for becoming a member.

You're not logged in!

Compare scores with friends on all Sporcle quizzes.
OR
Log In

Show Comments

Extras

Top Quizzes Today


Score Distribution

Your Account Isn't Verified!

In order to create a playlist on Sporcle, you need to verify the email address you used during registration. Go to your Sporcle Settings to finish the process.

Report this User

Report this user for behavior that violates our Community Guidelines.

Details: